000 00415nam a2200193Ia 4500
999 _c93877
_d93877
003 0100
005 20170601093036.0
008 130307s9999 xx 000 0 und d
020 _a1779001622
040 _cARRUPELIB
050 _aDT2925.M89 1994-97
100 _aMukanya, S.
_931829
245 _aDynamics of history
260 _bCollege Press
_aHarare
_c1994-97
300 _a264p.
300 _b23cm
650 _aZimbabwe
_xHistory
_910314
942 0 0 _02
_2lcc
_cMONOGRAPH